Mecánica de fluidos
Shranjeno v:
| Main Authors: | , , |
|---|---|
| Format: | Knjiga |
| Jezik: | španščina |
| Izdano: |
Bogotá
McGraw Hill
2000
|
| Teme: | |
| Oznake: |
Označite
Brez oznak, prvi označite!
|
MARC
| LEADER | 00000nam a2200000 a 4500 | ||
|---|---|---|---|
| 001 | UCO3273 | ||
| 003 | CL-VaPUC | ||
| 008 | 000720e20000000CK |||||||||||||||||spa|d | ||
| 020 | |a 9586009874 | ||
| 082 | 0 | 4 | |a 532 |b STR |2 21 |
| 100 | 0 | |a Streeter, Víctor Lyle |e author |9 447308 | |
| 700 | 0 | |a Wylie, E. Benjamín |e author |9 447309 | |
| 700 | 0 | |a Bedford, Keith W |e author |9 447310 | |
| 245 | 1 | 0 | |a Mecánica de fluidos |
| 300 | |a 740 p | ||
| 942 | |c BK | ||
| 945 | |d 20000720 00:00:00 |a vberengu | ||
| 260 | |a Bogotá |b McGraw Hill |c 2000 | ||
| 650 | 0 | |a Estática de fluidos |9 375305 | |
| 650 | 0 | |a Fluidos |9 259333 | |
| 650 | 0 | |a Flujo viscoso |9 426478 | |
| 650 | 7 | |a TURBOMAQUINARIA |2 CL-VaPUC |9 336932 | |
| 583 | |a last modification |c 20000720 00:00:00 |k Rodrigo Vera | ||
| 999 | |c 289740 |d 289738 | ||
| 952 | |0 0 |1 0 |4 0 |6 532_000000000000000_STR_2000 |7 0 |8 R |9 338363 |a BIBMEC |b BIBMEC |d 2019-11-20 |i 3632423 |l 2 |o 532 STR 2000 |p 3632423 |r 2024-01-19 |s 2023-10-13 |w 2019-11-20 |y BK_R |k MEC | ||
| 952 | |0 0 |1 0 |4 0 |6 532_000000000000000_STR_2000 |7 0 |8 A |9 338364 |a BIBING |b BIBING |d 2019-11-20 |i 3637379 |l 1 |o 532 STR 2000 |p 3637379 |r 2025-01-20 |s 2023-08-14 |w 2019-11-20 |y BK |k EIQ | ||
| 952 | |0 0 |1 0 |4 0 |6 532_000000000000000_STR_2000 |7 0 |8 A |9 338365 |a BIBING |b BIBING |d 2019-11-20 |i 3637387 |o 532 STR 2000 |p 3637387 |r 2025-01-20 |w 2019-11-20 |y BK |k EIQ | ||
| 952 | |0 0 |1 0 |2 ddc |4 0 |6 532_000000000000000_STR_2000 |7 0 |8 CCM |9 338366 |a BIBCUR |b BIBCUR |c PAC |d 2019-11-20 |i 367455K |o 532 STR 2000 |p 367455K |r 2025-04-22 |w 2019-11-20 |y BK |k CIM | ||
| 952 | |0 0 |1 0 |4 0 |6 532_000000000000000_STR_2000 |7 0 |8 R |9 338367 |a BIBMEC |b BIBMEC |d 2019-11-20 |i 3940012 |o 532 STR 2000 |p 3940012 |r 2024-01-19 |w 2019-11-20 |y BK_R |k MEC | ||
| 952 | |0 0 |1 0 |4 0 |6 532_000000000000000_STR_2000 |7 0 |8 A |9 338368 |a BIBING |b BIBING |d 2019-11-20 |i 3955532 |o 532 STR 2000 |p 3955532 |r 2025-01-20 |w 2019-11-20 |y BK |k EIQ | ||
| 952 | |0 0 |1 0 |4 0 |6 532_000000000000000_STR_2000 |7 0 |8 A |9 338369 |a BIBING |b BIBING |d 2019-11-20 |i 3955559 |o 532 STR 2000 |p 3955559 |r 2025-01-20 |w 2019-11-20 |y BK |k EIQ | ||
| 952 | |0 0 |1 0 |4 0 |6 532_000000000000000_STR_2000 |7 0 |8 A |9 338370 |a BIBING |b BIBING |d 2019-11-20 |i 3955567 |l 2 |o 532 STR 2000 |p 3955567 |r 2025-01-20 |s 2023-08-29 |w 2019-11-20 |y BK |k EIQ | ||
| 952 | |0 0 |1 0 |4 0 |6 532_000000000000000_STR_2000 |7 0 |8 A |9 338371 |a BIBING |b BIBING |d 2019-11-20 |i 395658K |o 532 STR 2000 |p 395658K |r 2025-01-20 |w 2019-11-20 |y BK |k CCL | ||
| 952 | |0 0 |1 0 |4 0 |6 532_000000000000000_STR_2000 |7 0 |8 R |9 338372 |a BIBMEC |b BIBMEC |d 2019-11-20 |i 4072510 |l 1 |o 532 STR 2000 |p 4072510 |r 2024-01-19 |s 2023-08-24 |w 2019-11-20 |y BK_R |k MEC | ||
| 952 | |0 0 |1 0 |4 0 |6 532_000000000000000_STR_2000 |7 0 |8 R |9 338373 |a BIBMEC |b BIBMEC |d 2019-11-20 |i 411955K |o 532 STR 2000 |p 411955K |r 2024-01-19 |w 2019-11-20 |y BK_R |k MEC | ||
| 952 | |0 0 |1 0 |4 0 |6 532_000000000000000_STR_2000 |7 0 |8 R |9 338374 |a BIBMEC |b BIBMEC |d 2019-11-20 |i 4119568 |o 532 STR 2000 |p 4119568 |r 2024-01-19 |w 2019-11-20 |y BK_R |k MEC | ||
| 952 | |0 0 |1 0 |4 0 |6 532_000000000000000_STR_2000 |7 0 |8 R |9 338375 |a BIBMEC |b BIBMEC |d 2019-11-20 |i 4119576 |o 532 STR 2000 |p 4119576 |r 2024-01-19 |w 2019-11-20 |y BK_R |k MEC | ||
| 952 | |0 0 |1 0 |2 ddc |4 0 |6 532_000000000000000_STR_2000 |7 0 |8 CCM |9 338376 |a BIBCUR |b BIBCUR |d 2019-11-20 |i 4332490 |l 4 |o 532 STR 2000 |p 4332490 |r 2025-04-22 |s 2024-09-02 |w 2019-11-20 |y BK |k CIM | ||
| 952 | |0 0 |1 0 |4 0 |6 532_000000000000000_STR_2000 |7 0 |8 A |9 338377 |a BIBALI |b BIBALI |c RES |d 2019-11-20 |i 4422414 |l 4 |m 2 |o 532 STR 2000 |p 4422414 |q 2025-07-31 |r 2024-03-05 |s 2024-03-05 |w 2019-11-20 |y BK_R |k ALI | ||